sonic the hedgehog games - Statistics

General Stats
  • This quiz has been taken 207 times
    23 since last reset
  • The average score is 60 of 102
Answer Stats
Hint Answer % Correct
1992 sonic 2
100%
1994 sonic 3
100%
1998 sonic adventure
100%
2001 sonic adventure 2
100%
2016 sonic boom fire and ice
100%
2014 sonic boom rise of lyric
100%
2014 sonic boom shattered crystal
100%
2010 sonic colors
100%
2017 sonic forces
100%
2022 sonic frontiers
100%
2011 sonic generations
100%
2003 sonic heroes
100%
2013 sonic lost world
100%
1997 sonic r
100%
2006 sonic riders
100%
2008 sonic riders zero gravity
100%
2005 sonic rush
100%
2023 sonic superstars
100%
2008 sonic unleashed
100%
2005 shadow the hedgehog
80%
2006 sonic 06
80%
1991 sonic 1
80%
2010/2012 sonic 4
80%
2002 sonic advance
80%
2003 sonic advance 2
80%
2004 sonic advance 3
80%
1994 sonic and knuckles
80%
2009 sonic and the black knight
80%
2007 sonic and the secret rings
80%
2004 sonic battle
80%
2013 sonic dash
80%
2015 sonic dash 2 sonic boom
80%
2017 sonic forces speed battle
80%
2010 sonic free riders
80%
2017 sonic mania
80%
2018 sonic mania plus
80%
2025 sonic racing crossworlds
80%
2025 sonic rumble
80%
2007 sonic rush adventure
80%
2000 sonic shuffle
80%
2024 sonic x shadow generations
80%
1993 Dr robotnik's mean bean machine
60%
2004 sega superstars
60%
2008 Sega superstars tennis
60%
1996 sonic 3d blast
60%
1996 sonic blast
60%
1993 sonic cd
60%
1993 sonic chaos
60%
2021 sonic colors ultimate
60%
2008 sonic cronicles
60%
2023 sonic dream team
60%
1994 sonic drift
60%
1995 sonic labyrinth
60%
2003 sonic pinball party
60%
2006 sonic rivals
60%
2007 sonic rivals 2
60%
2015 sonic runners
60%
1993 sonic spinball
60%
1996 sonic's schoolhouse
60%
1995 tails adventure
60%
1995 tails and the music maker
60%
1995 tails skypatrol
60%
2019 team sonic racing
60%
1991 waku waku
60%
1995 knuckles chaotix
40%
1991 sonic 1 8 bit
40%
1992 sonic 2 8 bit
40%
2012/2013 sonic and all stars racing transformed
40%
2010 sonic and Sega all stars racing
40%
2010 sonic classic collection
40%
1995 sonic drift 2
40%
1991 sonic eraser
40%
2005 sonic gems collection
40%
2012 sonic jump
40%
2017 sonic runners adventure
40%
1994 sonic triple trouble
40%
1993 segasonic
20%
1993 segasonic Cosmo fighters
20%
1993 segasonic popcorn shop
20%
1997 sonic and knuckles collection
20%
2013 sonic athletics
20%
2008 sonic at the Olympic games
20%
2010 sonic at the winter Olympic games
20%
2002 sonic billiards
20%
2002 sonic bowling
20%
2002 sonic fishing
20%
1994 sonic gameworld
20%
2011 sonic generations 3ds
20%
2002 sonic golf
20%
1997 sonic jam
20%
2008 sonic jump 2
20%
2014 sonic jump fever
20%
2003 sonic kart 3d x
20%
2002 sonic mega collection
20%
2004 sonic mega collection plus
20%
2009 sonic PC collection
20%
2003 sonic racing kart
20%
2007 sonic's casino poker
20%
1995 sonic's classics 3 in 1
20%
2007 sonic speed dx
20%
2001 sonic tennis
20%
1996 sonic the fighters
20%
No matching quizzes found
Score Distribution
Percent of People with Each Score
Percentile by Number Answered
Your Score History
You have not taken this quiz since the last reset